MARC

Tag First Indicator Second Indicator Subfields
LEADER 00000cam a2200000 a 4500
001 in00002787736
005 20211120170412.0
006 m o d f
007 cr bn|||||||||
008 121114s1977 mdua obs f000 0 eng c
035 |a (OCoLC)ocn817871875 
040 |a GPO  |c GPO  |d MvI  |d UtOrBLW 
042 |a pcc 
043 |a n-us--- 
049 |a WWW 
074 |a 0500-E (online) 
086 0 |a HE 20.6209/3:7 
100 1 |a Abraham, Sidney. 
245 1 0 |a Total serum cholesterol level of adults 18-74 years, United States, 1971-74 /  |c [prepared by Sidney Abraham, Clifford L. Johnson, and Margaret D. Carroll]. 
264 1 |a [Rockville, Md.] :  |b U.S. Dept. of Health, Education, and Welfare, Public Health Service, Health Resources Administration,  |c [1977] 
300 |a 1 online resource (8 pages) :  |b charts 
336 |a text  |b txt  |2 rdacontent 
337 |a computer  |b c  |2 rdamedia 
338 |a online resource  |b cr  |2 rdacarrier 
490 1 |a Advancedata from vital & health statistics of the National Center for Health Statistics ;  |v no. 7 
500 |a Title from PDF title screen (viewed Nov. 13, 2012). 
500 |a "May 25, 1977." 
504 |a Includes bibliographical references (page 7). 
500 |a Electronic resource. 
650 0 |a Blood cholesterol  |z United States  |v Statistics. 
650 0 |a Hypercholesteremia  |z United States  |v Statistics. 
650 0 |a Health surveys  |z United States. 
700 1 |a Johnson, Clifford L. 
700 1 |a Carroll, Margaret D. 
710 2 |a National Center for Health Statistics (U.S.) 
776 0 8 |i Print version:  |a Abraham, Sidney.  |t Total serum cholesterol level of adults 18-74 years, United States, 1971-74  |w (OCoLC)47682443 
830 0 |a Advance data from vital and health statistics of the National Center for Health Statistics ;  |v no. 7. 
856 4 0 |u https://purl.fdlp.gov/GPO/gpo31141  |t 0 
999 |a MARS 
999 f f |s e585f0f3-bcec-364e-bc6e-daca98d6acde  |i 3b37469f-03ec-345b-ba1d-240f41134eb8  |t 0 
952 f f |a Texas A&M University  |b College Station  |c Electronic Resources  |d Available Online  |t 0  |e HE 20.6209/3:7  |h Superintendent of Documents classification 
998 f f |a HE 20.6209/3:7  |t 0  |l Available Online